| 000 | 01547cam a2200373 a 4500 | ||
|---|---|---|---|
| 001 | 1200918 | ||
| 003 | NUST | ||
| 005 | 20220723161243.0 | ||
| 008 | 981105s1999 mau 000 1 eng | ||
| 010 | _a 98050895 | ||
| 020 | _a039592720X | ||
| 035 | _a(DLC) 98050895 | ||
| 038 | _aAzhar | ||
| 040 |
_aDLC _cDLC _dDLC |
||
| 043 |
_aa-ii--- _an-us--- |
||
| 050 | 0 | 0 |
_aPS3562.A316 _bI58 1999 |
| 082 | 0 | 0 |
_a813.54 _221 _bLAH |
| 100 | 1 |
_aLahiri, Jhumpa. _994670 |
|
| 245 | 1 | 0 |
_aInterpreter of maladies : _bstories / _cJhumpa Lahiri. |
| 260 |
_aBoston : _bHoughton Mifflin, _c1999. |
||
| 300 |
_a198 p. ; _c21 cm. |
||
| 500 | _a"A Mariner original." | ||
| 563 | _aPB | ||
| 650 | 0 |
_aEast Indian Americans _xFiction. _994671 |
|
| 856 | 4 | 1 |
_3Sample text _uhttp://www.loc.gov/catdir/samples/hm051/98050895.html |
| 856 | 4 | 2 |
_3Reading group guide _uhttp://www.houghtonmifflinbooks.com/readers_guides/interpreter_maladies.shtml _zValid as of Nov. 21, 2002 |
| 856 | 4 | 2 |
_3Publisher description _uhttp://www.loc.gov/catdir/description/hm022/98050895.html |
| 856 | 4 | 1 |
_3Table of contents _uhttp://www.loc.gov/catdir/toc/hm021/98050895.html |
| 856 | 4 | 2 |
_3Contributor biographical information _uhttp://www.loc.gov/catdir/enhancements/fy0737/98050895-b.html |
| 906 |
_a7 _bcbc _corignew _d1 _eocip _f19 _gy-gencatlg |
||
| 942 |
_2ddc _cLC |
||
| 999 |
_c590532 _d590532 |
||